Bogotá, una metropoli en crisis : (Registro nro. 6882)

Detalles MARC
000 -LEADER
fixed length control field 01069cam a22002535a 4500
003 - CONTROL NUMBER IDENTIFIER
control field OSt
005 - DATE AND TIME OF LATEST TRANSACTION
control field 20200925112746.0
008 - FIXED-LENGTH DATA ELEMENTS--GENERAL INFORMATION
fixed length control field 111111s2011 ck ab b 000 0 spa
010 ## - LIBRARY OF CONGRESS CONTROL NUMBER
LC control number 2011531531
020 ## - INTERNATIONAL STANDARD BOOK NUMBER
International Standard Book Number 9789588454399
040 ## - CATALOGING SOURCE
Original cataloging agency DLC
Transcribing agency CO-JMCR
Modifying agency DLC
041 0# - LANGUAGE CODE
Language code of text/sound track or separate title spa
082 04 - DEWEY DECIMAL CLASSIFICATION NUMBER
Classification number 307.760986148 /
Item number U92b
Edition number 23
100 1# - MAIN ENTRY--PERSONAL NAME
Personal name Utria, Rubén D.
Relator term autor
9 (RLIN) 10820
245 10 - TITLE STATEMENT
Title Bogotá, una metropoli en crisis :
Remainder of title aportes al debate electoral /
Statement of responsibility, etc. Rubén D. Utria.
250 ## - EDITION STATEMENT
Edition statement Primera edición
260 ## - PUBLICATION, DISTRIBUTION, ETC.
Place of publication, distribution, etc. Bogotá :
Name of publisher, distributor, etc. Fundación Ciudades Mejores,
Date of publication, distribution, etc. 2011.
300 ## - PHYSICAL DESCRIPTION
Extent 239 páginas :
Other physical details ilustraciones, mapas a color ;
Dimensions 24 cm.
504 0# - BIBLIOGRAPHY, ETC. NOTE
Bibliography, etc. note Bibliografía : páginas 237-239.introducción: un debate inaplazable. -- Bogotá, una metrópoli en crisis de sostenibilidad. -- El desafío político. -- Temas controversiales. -- Hacia una Bogotá del siglo XXI.
650 24 - SUBJECT ADDED ENTRY--TOPICAL TERM
Topical term or geographic name entry element Desarrollo sostenible
Geographic subdivision Colombia
-- Bogotá.
9 (RLIN) 10821
650 24 - SUBJECT ADDED ENTRY--TOPICAL TERM
Topical term or geographic name entry element Política urbana
Geographic subdivision Colombia
-- Bogotá.
9 (RLIN) 10822
650 24 - SUBJECT ADDED ENTRY--TOPICAL TERM
Topical term or geographic name entry element Política y gobierno
Geographic subdivision Colombia
-- Bogotá
9 (RLIN) 10823
942 ## - ADDED ENTRY ELEMENTS (KOHA)
Source of classification or shelving scheme Dewey Decimal Classification
Koha item type Books
Existencias
Withdrawn status Lost status Source of classification or shelving scheme Damaged status Not for loan Home library Current library Shelving location Date acquired Source of acquisition Total Checkouts Full call number Barcode Date last seen Date last checked out Copy number Price effective from Koha item type
    Dewey Decimal Classification     Biblioteca Pública José María del Castillo y Rada Biblioteca Pública José María del Castillo y Rada General Stacks 04/15/2018 Donación 1 307.760986148 / U92b 201810118 08/05/2024 08/05/2024 Ej.1 04/15/2018 Books